书目信息 |
| 题名: |
美语发音要诀
|
|
| 作者: | 罗萨尔多 著 ;陶钰 译 | |
| 分册: | ||
| 出版信息: | 北京 外文出版社 2008.01 |
|
| 页数: | 222页 | |
| 开本: | 21cm | |
| 丛书名: | ||
| 单 册: | ||
| 中图分类: | H311 | |
| 科图分类: | ||
| 主题词: | 英语--ying yu--发音--美国 | |
| 电子资源: | ||
| ISBN: | 978-7-119-05405-6 | |
| 000 | 01050nam0 2200277 450 | |
| 001 | 012009763934 | |
| 005 | 20090505164907.99 | |
| 010 | @a978-7-119-05405-6@dCNY18.00 (含光盘) | |
| 016 | @aCN-M2008-0017-0@b光盘 | |
| 100 | @a20090505d2008 em y0chi0120 ea | |
| 101 | 2 | @achi@aeng@ceng |
| 102 | @aCN@b110000 | |
| 105 | @ay z 000yy | |
| 106 | @ar | |
| 200 | 1 | @a美语发音要诀@Amei yu fa yin yao jue@d= A signpost to American English@fMicheal Lo Sardo著@FMicheal Lo Sardo zhu@g陶钰译@Gtao yu yi@zeng |
| 210 | @a北京@c外文出版社@d2008.01 | |
| 215 | @a222页@d21cm@e光盘1片 | |
| 314 | @a责任者(Sardo)规范汉译姓 : 罗萨尔多 | |
| 330 | @a本书介绍了美语发音的方法与技巧,并在某些章节中配有发音口型图。目的是帮助中国学习者了解(并非常希望他们能够掌握)正确的美语发音情况。 | |
| 510 | 1 | @aSignpost to American English@zeng |
| 606 | 0 | @a英语@Aying yu@x发音@y美国 |
| 690 | @aH311@v4 | |
| 701 | 1 | @a罗萨尔多@Aluo sa er duo@g(Sardo, Micheal Lo)@4著 |
| 702 | 0 | @a陶钰@Atao yu@4译 |
| 801 | 0 | @aCN@bQSSK@c20090505 |
| 905 | @b742368-70@dH311@eL950@f3 | |
| 美语发音要诀= A signpost to American English/Micheal Lo Sardo著/陶钰译.-北京:外文出版社,2008.01 |
| 222页;21cm+光盘1片 |
| ISBN 978-7-119-05405-6:CNY18.00 (含光盘) |
| 本书介绍了美语发音的方法与技巧,并在某些章节中配有发音口型图。目的是帮助中国学习者了解(并非常希望他们能够掌握)正确的美语发音情况。 |
| ● |
| 相关链接 |
|
|
|
正题名:美语发音要诀
索取号:H311/L950
 
预约/预借
| 序号 | 登录号 | 条形码 | 馆藏地/架位号 | 状态 | 备注 |
| 1 | 742368 | 207423689 | 语言库209/209语言库 101排6列3层/ [索取号:H311/L950] | 在馆 | |
| 2 | 742369 | 207423698 | 语言库209/209语言库 101排6列3层/ [索取号:H311/L950] | 在馆 | |
| 3 | 742370 | 207423705 | 语言库209/209语言库 101排6列3层/ [索取号:H311/L950] | 在馆 |